000 00622nam a2200181Ia 4500
003 GCL
008 140319s9999 xx 000 0 ara d
040 _aGCL /
_cGCL
082 0 4 _a362.742
_bهـ خ
100 1 _aهدى سليم عبدالباقى
245 1 0 _aالخدمة الاجتماعية والعيادة النفسية المتخصصة /
_cهدى سليم عبدالباقى
260 _a[S.N] :
_bمؤسسة بحسون للنشر والتوزيع ،
_c1993
300 _a231 ص
490 _a
650 0 4 _aالخدمة الاجتماعية
650 0 4 _aالعيادات النفسية
942 _2ddc
_cBK
999 _c45699
_d45699